Dignidad humana y justicia: la historia de Chile, la política y el cristianismo 1880-1920

Uloženo v:
Podrobná bibliografie
Hlavní autor: Valdivieso Fernández, Patricio E (Autor)
Médium: Kniha
Jazyk:španělština
Vydáno: Santiago, Chile Universidad Católica de Chile 2006
Edice:Investigaciones
Témata:
Tagy: Přidat tag
Žádné tagy, Buďte první, kdo vytvoří štítek k tomuto záznamu!

MARC

LEADER 00000cam a2200000 a 4500
001 UCJ0833
003 CL-VaPUC
005 20240730091418.0
008 060908e20060000CL |||||||||||||||||spa|d
999 |c 317586  |d 317584 
020 |a 9561408503 
040 |c Pontificia Universidad Católica de Valparaíso 
082 0 4 |a 361.1 VAL 2006  |2 21 
100 0 |a Valdivieso Fernández, Patricio E  |e author  |9 501217 
245 1 0 |a Dignidad humana y justicia:  |b  la historia de Chile, la política y el cristianismo 1880-1920 
260 |a Santiago, Chile  |b Universidad Católica de Chile  |c 2006 
300 |a 418 páginas 
490 0 |a Investigaciones 
583 |a last modification  |c 20160310 04:43:07  |k Rodrigo Vera 
650 0 |a Desarrollo social  |z CHILE  |9 264534 
650 0 |a Política social  |z CHILE  |9 257588 
650 0 |a Problemas sociales  |z CHILE  |9 258537 
852 |a BIBCUR 
942 |c BK  |2 ddc 
945 |d 20060908 00:00:00  |a jtorresc 
952 |0 0  |1 0  |2 ddc  |4 0  |6 361_100000000000000_VAL_2006  |7 0  |8 A  |9 394134  |a BIBHIS  |b BIBHIS  |d 2019-11-22  |i 4257480  |o 361.1 VAL 2006  |p 4257480  |r 2025-01-20  |t 2  |w 2019-11-22  |y BK  |k HIS 
952 |0 0  |1 0  |2 ddc  |3 erb  |4 0  |6 361_100000000000000_VAL_2006  |7 0  |8 A  |9 394135  |a BIBDER  |b BIBDER  |i 5266092  |o 361.1 VAL 2006  |p 5266092  |r 2023-01-25  |t 1  |w 2019-11-22  |y BK  |z Catalogado en:20160310  |k DER